000 00464cam a22001931 4500
001 2638175
005 20180201084103.0
008 730522s1957 nyua 000 0 eng
010 _a 57006177
040 _aDLC
_cDLC
_dDLC
041 _aeng
080 _a739 LYN
082 0 0 _a739 LYN
100 1 _a44
101 _aART
245 0 0 _aMetal sculpture; new forms, new techniques.
906 _a7
_bcbc
_corignew
_du
_eocip
_f19
_gy-gencatlg
942 _2ddc
_cBK
999 _c41545
_d41545